=LDR 00000nam 2200000 4500 =001 NUTBA000000000004855 =005 20200916122426 =035 ##$$a 0010-101400000000085 =008 200916################g##########0#ind## =020 ##$$a 978-602-229-037-7 =082 ##$$a 302. =245 ##$$a Psikologi untuk kesejahteraan masyarakat /$c Prof. Dr. Faturochman, MA. Yuli Fajar Susetyo {at.al}; Penyunting, Faturochman, Tri Hayuning Tyas {at.al} =250 ##$$a Cet. 1 =260 ##$$a yogyakarta. :$b Pustaka Pelajar,$c 2012 =300 ##$$a x,331 hlm : $b ilus ; $c 23 x 15 cm. =084 ##$$a 302 PSI p =650 #4$$a Psikologi Sosial =700 #$$a Faturochman =990 ##$$a 21306127 =990 ##$$a 21306125 =990 ##$$a 21306128 =990 ##$$a 21306126 =990 ##$$a 21306124